| 000 | 00757nam a22002417a 4500 | ||
|---|---|---|---|
| 003 | DO-SdBNP | ||
| 005 | 20260120073951.0 | ||
| 007 | ta | ||
| 008 | 211102b2018 dr ||||| |||| 00| 0 eng d | ||
| 020 | _a9789945911060 | ||
| 040 |
_aDO-SdBNP _bspa _cBNPHU |
||
| 082 | 4 |
_222 _a248.2 _bP849d |
|
| 100 | 1 |
_aPortes, Braulio, _d1935- _980454 |
|
| 245 | 1 | 0 |
_aDios aún sigue hablando / _cBraulio Portes. |
| 260 |
_aSanto Domingo : _bPublicaciones Libertad, _c2018. |
||
| 300 |
_a111 p. : _c21 cm. |
||
| 500 | _aIncluye datos biográficos del autor en la contracubierta | ||
| 600 | 1 | 0 |
_aPortes, Braulio, _d1935- _980454 |
| 650 | 0 |
_aVida espiritual _9268 |
|
| 650 | 0 |
_aVida cristiana _9668 |
|
| 910 | _aBtavárez. Validado. Control de calidad MFF | ||
| 942 |
_2ddc _cLBS1 |
||
| 999 |
_c50852 _d50852 |
||